00301nam a2200121Ia 4500008004100000100002000041245006300061260001400124300000700138650001000145942000700155999001700162190216s9999||||xx |||||||||||||| ||und|| aArjundas Kesari 0aHindi-Lory Kayan Ka Charith Sangatan Thatha Kavya Soupakth bLokaruchi a65 aHindi cBK c16350d16350